Atlas bylin /
V knize naleznete více než 100 planě rostoucích druhů, které můžete najít v naší přírodě od časného jara až do pozdního podzimu. Rostliny jsou řazeny v knize abecedně, vždy podle barvy květů. Jednoduché určující znaky a fotografie pořízené v přirozeném prostředí pomohou k jejich snadnému určení všem...
Uloženo v:
| Hlavní autor: | |
|---|---|
| Médium: | E-kniha |
| Jazyk: | Czech |
| Vydáno: |
Praha :
Albatros Media a.s.,
2017
|
| Tagy: |
Žádné tagy |
| LEADER | 01395nam a22002297i 4500 | ||
|---|---|---|---|
| 001 | 301464 | ||
| 007 | ta | ||
| 008 | 260430s2017 xr ||||| |||| 00| 0 cze d | ||
| 020 | |a 9788026610960 | ||
| 044 | |a xr | ||
| 100 | 1 | |a Drnková, Jana |4 aut | |
| 245 | 1 | 0 | |a Atlas bylin / |c Drnková, Jana |
| 264 | 1 | |a Praha : |b Albatros Media a.s., |c 2017 | |
| 300 | |a 1 online zdroj (144 stran) | ||
| 336 | |a text |b txt |2 rdacontent | ||
| 337 | |a bez média |b n |2 rdamedia | ||
| 338 | |a online zdroj |b cr |2 rdacarrier | ||
| 520 | 2 | |a V knize naleznete více než 100 planě rostoucích druhů, které můžete najít v naší přírodě od časného jara až do pozdního podzimu. Rostliny jsou řazeny v knize abecedně, vždy podle barvy květů. Jednoduché určující znaky a fotografie pořízené v přirozeném prostředí pomohou k jejich snadnému určení všem, kdo se zajímají o přírodu a chtějí se o ní dozvědět něco více. Vezměte si knihu s sebou ven a poznávejte barevnou krásu, která nás obklopuje. | |
| 910 | |a RBIT002 | ||
| 998 | |d 173770 |a https://core.palmknihy.cz/api/books/173770/cover?j0lqch |b https://core.palmknihy.cz/api/books/173770/cover/400?hljcm6 |c https://core.palmknihy.cz/api/books/173770/cover/50?ig0gqi |e 2032-12-31 |g 144 |i 9788026610960 |k https://core.palmknihy.cz/api/books/173770/preview.pdf |l |q 49 |r 1 |s https://www.palmknihy.cz/kniha/173770 |t ebook |y 2017 |z 1 | ||
| 999 | |d 301462 | ||